| 000 | 01299cam a22003134a 4500 | ||
|---|---|---|---|
| 001 | 13773169 | ||
| 005 | 20250225114828.0 | ||
| 008 | 041104s2006 nyua b 001 0 eng | ||
| 020 | _a0071422803 | ||
| 050 | 0 | 0 |
_aRM300 _b.G644 2006 |
| 082 | 0 | 0 |
_a615/.7 _222 |
| 245 | 0 | 0 |
_aGoodman & Gilman's the pharmacological basis of therapeutics. _ceditor, Laurence L. Brunton ; associate editors, John S. Lazo, Keith L. Parker. |
| 250 |
_a11th ed. / _beditor, Laurence L. Brunton ; associate editors, John S. Lazo, Keith L. Parker. |
||
| 260 |
_aNew York : _bMcGraw-Hill, _cc2006. |
||
| 300 |
_axxiii, 2021 p. : _bill. ; _c26 cm. |
||
| 650 | 0 | _aPharmacology. | |
| 650 | 0 | _aTherapeutics. | |
| 650 | 1 | 2 | _aPharmacology. |
| 650 | 2 | 2 | _aDrug Therapy. |
| 700 | 1 |
_aGoodman, Louis S. _q(Louis Sanford), _d1906-2000. |
|
| 700 | 1 |
_aGilman, Alfred, _d1908-1984. |
|
| 700 | 1 | _aBrunton, Laurence L. | |
| 700 | 1 | _aLazo, John S. | |
| 700 | 1 | _aParker, Keith L. | |
| 856 | 4 | 1 |
_3Table of contents only _uhttp://www.loc.gov/catdir/enhancements/fy0645/2004063122-t.html |
| 856 | 4 | 2 |
_3Publisher description _uhttp://www.loc.gov/catdir/enhancements/fy0668/2004063122-d.html |
| 856 | 4 | 2 |
_3Contributor biographical information _uhttp://www.loc.gov/catdir/enhancements/fy0737/2004063122-b.html |
| 942 |
_2lcc _cBK _e11th ed. _n0 |
||
| 999 |
_c4302 _d4302 |
||